The transit regime for landlocked states international law and development perspectives /

Bibliographic Details
Main Author: Uprety, Kishor, 1958-
Corporate Author: ProQuest (Firm)
Format: Electronic eBook
Language:English
Published: Washington, D.C. : World Bank, c2006.
Series:Law, justice, and development.
Subjects:
Online Access:Click to View
LEADER 01437nam a22003854a 4500
001 EBC459725
003 MiAaPQ
005 20200520144314.0
006 m o d |
007 cr cn|||||||||
008 050513s2006 dcu sb i001 0 eng
010 |z  2005048615 
020 |z 0821362992 
035 |a (MiAaPQ)EBC459725 
035 |a (Au-PeEL)EBL459725 
035 |a (CaPaEBR)ebr10103935 
035 |a (CaONFJC)MIL28063 
035 |a (OCoLC)935270967 
040 |a MiAaPQ  |c MiAaPQ  |d MiAaPQ 
050 4 |a KZ1555  |b .U67 2006 
082 0 4 |a 341.26  |2 22 
100 1 |a Uprety, Kishor,  |d 1958- 
245 1 4 |a The transit regime for landlocked states  |h [electronic resource] :  |b international law and development perspectives /  |c Kishor Uprety. 
260 |a Washington, D.C. :  |b World Bank,  |c c2006. 
300 |a xviii, 204 p. 
490 1 |a Law, justice, and development 
504 |a Includes bibliographical references and index. 
533 |a Electronic reproduction. Ann Arbor, MI : ProQuest, 2015. Available via World Wide Web. Access may be limited to ProQuest affiliated libraries. 
650 0 |a Landlocked states. 
650 0 |a Access to the sea (International law) 
650 0 |a Transit by land (International law) 
655 4 |a Electronic books. 
710 2 |a ProQuest (Firm) 
830 0 |a Law, justice, and development. 
856 4 0 |u https://ebookcentral.proquest.com/lib/matrademy/detail.action?docID=459725  |z Click to View